| 000 | 01332nam0a2200277 4500 | ||
|---|---|---|---|
| 001 | RU\NLR\BIBL_A\010306983 | ||
| 005 | 20260406145256.0 | ||
| 010 |
_a978-5-17-082825-8 _bМастерская счастья Норбекова _92500 |
||
| 021 |
_aRU _b2014-11975 _9771 |
||
| 035 | _a(NLR Aleph) 010306983 | ||
| 090 |
_a10622640 _c10622640 |
||
| 100 | _a20140416d2014 |||y0rusy50 ca | ||
| 101 | 0 | _arus | |
| 102 | _aRU | ||
| 105 | _aa|||z||||00yy | ||
| 200 | 1 |
_aУспех на вашу голову и как его избежать _fМирзакарим Норбеков, Геннадий Волков |
|
| 210 |
_aМосква _cАСТ _d2014 |
||
| 215 |
_a377, [2] с. _cил. _d21 |
||
| 606 | 1 |
_aУспех _xСоциально-психологические исследования _92074287 _3RU\NLR\AUTH\661249276 |
|
| 686 | 1 | _aС550.354 | |
| 700 | 1 |
_7ca _8rus _aНорбеков _bМ. С. _cспециалист по нетрадиц. медицине _f1957- _gМирзакарим Санакулович _9114513 _3RU\NLR\AUTH\774534 |
|
| 701 | 1 |
_7ca _8rus _aВолков _bГ. В. _cэкономист, литератор _f1957- _gГеннадий Викторович _916200 _3RU\NLR\AUTH\7733192 |
|
| 942 | _cBOOK | ||
| 980 | _aNB | ||